[Event "Ch Slovakia (team) 1999/00 (1 liga) East"]
[Site "masterchessopen.com Slovakia"]
[Round "1"]
[White "Rzeszoto Rastislav (SVK)"]
[Black "Ressler Vladimir (SVK)"]
[Result "0-1"]
[WhiteElo "1905"]
[BlackElo "1914"]

1.d4 Nf6 2.c4 g6 3.Nc3 d5 4.cxd5 Nxd5 5.e4 Nxc3 6.bxc3 Bg7 7.Bc4 O-O 8.Ne2 c5
9.O-O Nc6 10.Be3 Na5 11.Bd3 Bg4 12.f3 cxd4 13.cxd4 Be6 14.Qa4 a6 15.Rac1 b5
16.Qc2 Nc4 17.Bf2 Rc8 18.Qb1 Nd2 19.Rxc8 Qxc8 20.Rc1 Nxb1 21.Rxc8 Rxc8 22.Bxb1
Bc4 23.Kf1 Bxe2+ 24.Kxe2 Rc1 25.Bd3 Ra1 26.a3 Rxa3 27.d5 Ra2+ 28.Kf1 Rd2
29.Be2 Bd4 30.Bh4 Kf8 31.g4 Ra2 32.f4 b4 33.Bc4 Rxh2 34.Bg3 Rc2 35.Bxa6 b3
36.Bd3 Rc1+ 37.Ke2 b2 38.e5 b1=Q 39.Bxb1 Rxb1 {#R} 0-1

[Event "Cup Rilton"]
[Site "masterchessopen.com Stockholm (Sweden)"]
[Round "4"]
[White "Barkhagen Jonas (SWE)"]
[Black "Akesson Ralf (SWE)"]
[Result "0-1"]
[WhiteElo "2442"]
[BlackElo "2535"]

1.d4 Nf6 2.c4 g6 3.Nc3 d5 4.cxd5 Nxd5 5.e4 Nxc3 6.bxc3 Bg7 7.Bc4 c5 8.Ne2 Nc6
9.Be3 O-O 10.O-O Bg4 11.f3 Na5 12.Bd3 cxd4 13.cxd4 Be6 14.Rc1 Bxa2 15.Qa4 Bb3
16.Qb4 b6 17.Rc3 Be6 18.Nf4 Bd7 19.Rfc1 e6 20.e5 Rc8 21.Be4 Rxc3 22.Qxc3 Bb5
23.Qb4 Qd7 24.d5 Re8 25.h4 Bxe5 26.dxe6 fxe6 27.h5 gxh5 28.Bxh7+ Kg7 29.Nxh5+
Kh8 30.Qe4 Qd5 31.Qh4 Qd8 32.Qe4 Qd5 33.Qg6 Rd8 34.Bg8 Qd1+ {#R} 0-1

[Event "Cup Rilton"]
[Site "masterchessopen.com Stockholm (Sweden)"]
[Round "4"]
[White "Cramling Pia (SWE)"]
[Black "Holmsten Aleksei (FIN)"]
[Result "1-0"]
[WhiteElo "2504"]
[BlackElo "2380"]

1.d4 Nf6 2.c4 g6 3.Nc3 d5 4.cxd5 Nxd5 5.e4 Nxc3 6.bxc3 Bg7 7.Bc4 O-O 8.Ne2 c5
9.O-O Nc6 10.Be3 Bg4 11.f3 Na5 12.Bd3 cxd4 13.cxd4 Be6 14.Rc1 Bxa2 15.Qa4 Be6
16.d5 Bd7 17.Qb4 e6 18.Nc3 exd5 19.exd5 Re8 20.Bf2 b6 21.Bh4 g5 22.Bf2 Nb7
23.Ne4 f5 24.Ng3 Nc5 25.Bxc5 bxc5 26.Qxc5 Be5 27.Bxf5 Qf6 28.Qc2 Rac8 29.Qd3
Bxf5 30.Nxf5 a5 31.d6 Rcd8 32.Rfd1 Rd7 33.g4 Kh8 34.Qb5 Red8 35.Rc6 Bf4 36.Ra6
Qc3 37.Qxd7 {#r} 1-0

[Event "Cup Zemplen (open)"]
[Site "masterchessopen.com Zemplen (Hungary)"]
[Round "0"]
[White "Juhasz Bela (HUN)"]
[Black "Menyhart Tibor (HUN)"]
[Result "0-1"]
[WhiteElo "2287"]
[BlackElo "2305"]

1.d4 Nf6 2.c4 g6 3.Nc3 d5 4.cxd5 Nxd5 5.e4 Nxc3 6.bxc3 Bg7 7.Bc4 O-O 8.Ne2 c5
9.O-O cxd4 10.cxd4 Nc6 11.Be3 Bg4 12.f3 Na5 13.Bd3 Be6 14.Qa4 a6 15.Rac1 b5
16.Qb4 Bxa2 17.Ra1 Bc4 18.Rxa5 Bxd3 19.Rf2 e6 20.Ng3 Qc8 21.Rfa2 Rd8 22.e5 Bc4
23.Ra1 Bd5 24.h4 h6 25.Qd2 Kh7 26.h5 Rd7 27.hxg6+ fxg6 28.Ne2 g5 29.Ng3 Bb7
30.Nh5 Qe8 31.Nxg7 Kxg7 32.Kf2 Qh5 33.Kg1 Rf8 34.Rf1 Rdf7 35.d5 Bxd5 36.Rxa6
g4 37.Bc5 g3 38.Bxf8+ Rxf8 39.Rc1 Qh2+ {#R} 0-1

[Event "Ch Hungary (team) 1998/99 (3 liga)"]
[Site "masterchessopen.com Hungary"]
[Date "1999.04.11"]
[Round "10"]
[White "Nagy Sandor (HUN)"]
[Black "Horvath Laszlo (HUN)"]
[Result "0-1"]
[WhiteElo "1842"]
[BlackElo "2018"]

1.d4 Nf6 2.c4 g6 3.Nc3 d5 4.cxd5 Nxd5 5.e4 Nxc3 6.bxc3 Bg7 7.Bc4 O-O 8.Ne2 c5
9.O-O Nc6 10.Be3 Bg4 11.f3 Na5 12.Bd3 cxd4 13.cxd4 Be6 14.Qa4 a6 15.Nf4 b5
16.Nxe6 fxe6 17.Qa3 Nc6 18.Rad1 Bxd4 19.Bxd4 Qxd4+ 20.Kh1 Qb6 21.Qc3 Nd4
22.Qb4 Ra7 23.Rd2 e5 24.f4 Rxf4 25.Rxf4 exf4 26.Bc4+ Kg7 27.a4 e5 28.axb5 axb5
29.h3 Qa5 {#R} 0-1

[Event "Tournament (Elo)"]
[Site "masterchessopen.com Budapest (Hungary)"]
[Round "0"]
[White "Hohl Matthias (HUN)"]
[Black "Gonda Laszlo (HUN)"]
[Result "0-1"]
[WhiteElo "2066"]
[BlackElo "2089"]

1.d4 Nf6 2.c4 g6 3.Nc3 d5 4.cxd5 Nxd5 5.e4 Nxc3 6.bxc3 Bg7 7.Bc4 O-O 8.Ne2 c5
9.Be3 Nc6 10.O-O cxd4 11.cxd4 Bg4 12.f3 Na5 13.Bd3 Be6 14.d5 Bxa1 15.Qxa1 f6
16.Bh6 Re8 17.h4 Bf7 18.Rd1 Qb6+ 19.Kf1 Rac8 20.Rb1 Qc5 21.Rc1 Qa3 22.Qd4 Red8
23.Rxc8 Rxc8 24.e5 Qc5 25.e6 Be8 26.Qe4 Nc4 27.h5 Ne5 28.Be3 Qa3 29.Bb1 Bb5
30.hxg6 hxg6 31.f4 Bxe2+ 32.Kxe2 Qb2+ 33.Kf1 Rc4 {#R} 0-1

[Event "It (open)"]
[Site "masterchessopen.com Abudhabi (United Arab Emirates)"]
[Round "2"]
[White "Adnan Alrais (UAE)"]
[Black "Abdullah Mansoor (UAE)"]
[Result "1-0"]
[WhiteElo "2132"]
[BlackElo "2290"]

1.d4 Nf6 2.c4 g6 3.Nc3 d5 4.cxd5 Nxd5 5.e4 Nxc3 6.bxc3 Bg7 7.Bc4 c5 8.Ne2 O-O
9.Be3 Nc6 10.O-O Na5 11.Bd3 cxd4 12.cxd4 Bg4 13.f3 Be6 14.d5 Bxa1 15.Qxa1 f6
16.Bh6 Re8 17.Kh1 Bf7 18.Bb5 Rf8 19.Qd4 Qd6 20.Bxf8 Kxf8 21.Qc3 b6 22.Ba6 Rd8
23.Rc1 Kg8 24.Nd4 Qe5 25.h3 f5 26.Qc7 Qxc7 27.Rxc7 fxe4 28.fxe4 Bxd5 29.exd5
Rxd5 30.Nb3 Kf8 31.Rxa7 Nxb3 32.axb3 Rd1+ 33.Kh2 Rb1 34.Bc4 b5 35.Be6 Kg7
36.Rxe7+ Kf6 37.Re8 Re1 38.Bd7 Rb1 {#r} 1-0

[Event "Ch Turkmenistan"]
[Site "masterchessopen.com Ashkhabad (Turkmenistan)"]
[Round "9"]
[White "Geldyeva Mekhri (TKM)"]
[Black "Odeev Handszar (TKM)"]
[Result "0-1"]
[WhiteElo "2283"]
[BlackElo "2442"]

1.d4 Nf6 2.c4 g6 3.Nc3 d5 4.cxd5 Nxd5 5.e4 Nxc3 6.bxc3 Bg7 7.Bc4 c5 8.Ne2 Nc6
9.Be3 O-O 10.O-O Bg4 11.f3 Na5 12.Bd3 cxd4 13.cxd4 Be6 14.Qa4 a6 15.Kh1 b5
16.Qb4 Nc6 17.Qc3 Rc8 18.Qa3 Nxd4 19.Rad1 Nxe2 20.Bxe2 Qc7 21.Qxa6 Bc4 22.Rc1
Be5 23.Bxc4 bxc4 24.f4 Bb2 25.Rc2 c3 26.Bc1 Bxc1 27.Rcxc1 Rfd8 28.h3 Rd2
29.Kh2 Rb8 30.Rf3 c2 31.Qa3 Rd1 32.Rf2 Rxc1 33.Qxc1 Rc8 34.e5 Qc5 35.Kg3 Qd5
36.Rf1 Qxa2 37.Re1 Qc4 38.Kf2 Rd8 39.Re2 {#R} 0-1

[Event "It (open) \"]
[Site "masterchessopen.com Copenhagen (Denmark)"]
[Round "4"]
[White "Erlandsen Carsten (DEN)"]
[Black "Nielsen Dagh (DEN)"]
[Result "1-0"]
[WhiteElo "2175"]
[BlackElo "2133"]

1.d4 Nf6 2.c4 g6 3.Nc3 d5 4.cxd5 Nxd5 5.e4 Nxc3 6.bxc3 Bg7 7.Bc4 c5 8.Ne2 Nc6
9.Be3 O-O 10.O-O Bg4 11.f3 Na5 12.Bd3 cxd4 13.cxd4 Be6 14.Rc1 Bxa2 15.d5 Qd7
16.Qd2 Nb3 17.Qxa2 Nxc1 18.Rxc1 a6 19.Nd4 Rfc8 20.Rxc8+ Rxc8 21.Qb3 Qc7 22.Ne2
Qa5 23.Kf2 b5 24.f4 Qa1 25.e5 g5 26.Bd4 Qh1 27.h3 gxf4 28.Bf5 Rc4 29.Qd3 f3
30.Qxf3 Qd1 31.Bd3 Ra4 32.Qf5 Ra2 33.Qxh7+ Kf8 34.Qe4 Rd2 35.d6 exd6 36.Qa8+
Ke7 37.exd6+ Kxd6 38.Qxa6+ {#r} 1-0

[Event "It (open)"]
[Site "masterchessopen.com Hoogeveen (Netherlands)"]
[Round "1"]
[White "Gorecki Zbigniew (POL)"]
[Black "Ernst Sipke (NED)"]
[Result "0-1"]
[WhiteElo "2112"]
[BlackElo "2373"]

1.d4 Nf6 2.c4 g6 3.Nc3 d5 4.cxd5 Nxd5 5.e4 Nxc3 6.bxc3 Bg7 7.Bc4 c5 8.Ne2 O-O
9.O-O Nc6 10.Be3 Bg4 11.f3 Na5 12.Bd3 cxd4 13.cxd4 Be6 14.Rc1 Bxa2 15.Qe1 b6
16.d5 e6 17.Qd2 Bb3 18.Nd4 exd5 19.Nc6 Nxc6 20.Rxc6 dxe4 21.Bxe4 Qxd2 22.Bxd2
Rac8 23.Rfc1 Bd4+ 24.Kf1 Bc5 25.Rxc8 Rxc8 26.Be3 Be6 27.Bb7 Rb8 28.Bxc5 bxc5
29.Ba6 c4 30.Rc2 Bf5 31.Ra2 c3 32.Ke1 {#R} 0-1

[Event "Ch Serbia"]
[Site "masterchessopen.com Kragujevac (Yugoslavia)"]
[Round "6"]
[White "Miljkovic Miroslav (SRB)"]
[Black "Misailovic Nebojsa (SRB)"]
[Result "0-1"]
[WhiteElo "2285"]
[BlackElo "2291"]

1.d4 Nf6 2.c4 g6 3.Nc3 d5 4.cxd5 Nxd5 5.e4 Nxc3 6.bxc3 Bg7 7.Bc4 O-O 8.Ne2 c5
9.O-O Nc6 10.Be3 cxd4 11.cxd4 Bg4 12.f3 Na5 13.Bd3 Be6 14.Rc1 Bxa2 15.Qa4 Be6
16.d5 Bd7 17.Qb4 e6 18.Bf4 Rc8 19.Rxc8 Bxc8 20.Rc1 Nc6 21.dxc6 Qxd3 22.cxb7
Bxb7 23.Qxb7 Qxe2 24.Qxa7 Bb2 25.Rf1 Rd8 26.Be3 h5 27.h4 Bf6 28.Bf2 Kg7 29.Re1
Qb2 30.Qe3 Rd2 31.e5 Bd8 32.Kf1 Ba5 33.g3 Qb5+ 34.Kg2 Rb2 35.Rf1 Bb6 36.Qe1
Qd3 37.Qe4 Qd2 38.Qf4 Qe2 39.Qf6+ Kg8 40.Qe7 Bxf2 {#R} 0-1

[Event "It (open)"]
[Site "masterchessopen.com Lisbon (Portugal)"]
[Round "2"]
[White "Morais Vitor (POR)"]
[Black "Akesson Ralf (SWE)"]
[Result "0-1"]
[WhiteElo "2167"]
[BlackElo "2486"]

1.d4 Nf6 2.c4 g6 3.Nc3 d5 4.cxd5 Nxd5 5.e4 Nxc3 6.bxc3 Bg7 7.Bc4 O-O 8.Ne2 c5
9.O-O Nc6 10.Be3 Bg4 11.f3 Na5 12.Bd3 cxd4 13.cxd4 Be6 14.d5 Bxa1 15.Qxa1 f6
16.Nd4 Bd7 17.f4 Rc8 18.f5 Nc4 19.Bh6 Ne5 20.Bxf8 Qxf8 21.Qd1 Qh6 22.Re1 Ba4
23.Qxa4 Nxd3 {#R} 0-1

[Event "It (open)"]
[Site "masterchessopen.com Mogliano Veneto (Italy)"]
[Round "6"]
[White "Del-Monaco Andrea (ITA)"]
[Black "Renier Renzo (ITA)"]
[Result "0-1"]
[WhiteElo "2077"]
[BlackElo "1995"]

1.d4 Nf6 2.c4 g6 3.Nc3 d5 4.cxd5 Nxd5 5.e4 Nxc3 6.bxc3 Bg7 7.Bc4 c5 8.Ne2 Nc6
9.Be3 cxd4 10.cxd4 O-O 11.O-O Bg4 12.f3 Na5 13.Bd3 Be6 14.d5 Bxa1 15.Qxa1 f6
16.Nf4 Bf7 17.Rd1 Qc7 18.Ne2 Rfc8 19.Bd4 Nc4 20.f4 b5 21.Nc3 Qxf4 22.Rf1 Qd2
23.Qb1 Na3 24.Qb4 Nc2 25.Qxe7 Nxd4 26.Qxf6 Qe3+ 27.Kh1 Rf8 28.Rd1 b4 29.Na4
Be8 30.Qe7 Bxa4 31.Bc4 Rac8 {#R} 0-1

[Event "It (open)"]
[Site "masterchessopen.com Mondariz (Spain)"]
[Round "5"]
[White "Martinez Martin David (ESP)"]
[Black "Herrera Irisberto (ESP)"]
[Result "1-0"]
[WhiteElo "2283"]
[BlackElo "2467"]

1.d4 Nf6 2.c4 g6 3.Nc3 d5 4.cxd5 Nxd5 5.e4 Nxc3 6.bxc3 Bg7 7.Bc4 c5 8.Ne2 Nc6
9.Be3 O-O 10.O-O Bg4 11.f3 Na5 12.Bd3 cxd4 13.cxd4 Be6 14.d5 Bxa1 15.Qxa1 f6
16.Bh6 Re8 17.Kh1 Bc8 18.Nf4 Qd6 19.Bb5 Rd8 20.Nd3 a6 21.e5 fxe5 22.f4 Bf5
23.Nxe5 Qf6 24.Be2 Rxd5 25.Bf3 Rc5 26.g4 Be6 27.g5 Qh8 28.Qd4 Rb5 29.Rd1 Nc6
30.Bxc6 Rxe5 31.fxe5 bxc6 32.Qd8+ Kf7 33.Rf1+ Bf5 34.e6+ {#r} 1-0

[Event "Ch World (juniors) (under 12)"]
[Site "masterchessopen.com Oropesa (Spain)"]
[Round "1"]
[White "Roussel-Roozmon Thomas (CAN)"]
[Black "Boros Denes (HUN)"]
[Result "0-1"]
[WhiteElo "2476"]
[BlackElo "2054"]

1.d4 Nf6 2.c4 g6 3.Nc3 d5 4.cxd5 Nxd5 5.e4 Nxc3 6.bxc3 Bg7 7.Bc4 c5 8.Ne2 Nc6
9.Be3 O-O 10.O-O Bg4 11.f3 Na5 12.Bd3 cxd4 13.cxd4 Be6 14.Rc1 Bxa2 15.Qa4 Be6
16.d5 a6 17.Qa3 Bd7 18.Kh1 b5 19.Bf4 Nc4 20.Bxc4 bxc4 21.Rxc4 Bb5 22.Rc2 f5
23.Bg5 Ra7 24.Be3 Rd7 25.Rfc1 Bxe2 26.Rxe2 fxe4 27.fxe4 Rc7 28.Ree1 Rxc1
29.Rxc1 Qd6 30.Qd3 Bb2 31.Rb1 Qf6 32.Kg1 Be5 33.Qe2 Qh4 34.g3 Bxg3 35.hxg3
Qxg3+ 36.Kh1 Qh3+ 37.Kg1 Rf3 38.Bf2 {#R} 0-1

[Event "Ch Slovakia (team) 1999/00 (2 liga) (d)"]
[Site "masterchessopen.com Slovakia"]
[Round "2"]
[White "Kmit Jozef (SVK)"]
[Black "Recky Norbert (SVK)"]
[Result "0-1"]
[WhiteElo "2047"]
[BlackElo "1907"]

1.d4 Nf6 2.c4 g6 3.Nc3 d5 4.cxd5 Nxd5 5.e4 Nxc3 6.bxc3 Bg7 7.Bc4 c5 8.Ne2 cxd4
9.cxd4 Nc6 10.Be3 O-O 11.O-O Na5 12.Bd3 Bg4 13.f3 Be6 14.Qa4 b6 15.Rac1 Rc8
16.Ba6 Bd7 17.Qa3 Rxc1 18.Rxc1 b5 19.Qc5 Nc4 20.Bf2 Qa5 21.Rxc4 Qxa6 22.Rc1 b4
23.Qxe7 Qxe2 24.Qxd7 Qxa2 25.e5 b3 26.Qb7 a5 27.Bh4 Qb2 28.Rd1 Qc2 29.Re1 b2
30.Be7 Rc8 31.Bc5 Rxc5 32.dxc5 Bxe5 {#R} 0-1

[Event "It (open) (b)"]
[Site "masterchessopen.com Suwalki (Poland)"]
[Round "0"]
[White "Kit Pavel (BLR)"]
[Black "Kosmowski Przemyslaw (POL)"]
[Result "1-0"]
[WhiteElo "2155"]
[BlackElo "2176"]

1.d4 Nf6 2.c4 g6 3.Nc3 d5 4.cxd5 Nxd5 5.e4 Nxc3 6.bxc3 Bg7 7.Bc4 O-O 8.Ne2 c5
9.O-O Nc6 10.Be3 cxd4 11.cxd4 Bg4 12.f3 Na5 13.Bd3 Be6 14.d5 Bxa1 15.Qxa1 f6
16.Rd1 Bd7 17.Kh1 b5 18.Bh6 Rf7 19.e5 fxe5 20.Qxe5 Qb8 21.Qg5 Qb6 22.Be4 Qf6
23.d6 Re8 24.Qg3 exd6 25.Rxd6 Qe5 26.Bxg6 Qxg3 27.Bxf7+ Kxf7 28.hxg3 Bc8
29.Nc3 a6 30.Ne4 Nc4 31.Rc6 Rd8 32.Ng5+ Kg8 33.Rc7 Bd7 34.Ne4 Kf7 35.Bg5 {#r}
1-0

[Event "It (open)"]
[Site "masterchessopen.com Torshavn (Faroe Islands)"]
[Round "7"]
[White "Hillarp Persson Tiger (SWE)"]
[Black "Rowson Jonathan (SCO)"]
[Result "0-1"]
[WhiteElo "2549"]
[BlackElo "2494"]

1.d4 Nf6 2.c4 g6 3.Nc3 d5 4.cxd5 Nxd5 5.e4 Nxc3 6.bxc3 Bg7 7.Bc4 c5 8.Ne2 Nc6
9.Be3 O-O 10.O-O Bg4 11.f3 Na5 12.Bd3 cxd4 13.cxd4 Be6 14.Rc1 Bxa2 15.Qa4 Bb3
16.Qb4 b6 17.Bg5 f6 18.Bh4 Qd6 19.Qxd6 exd6 20.d5 Rfc8 21.Nd4 Bh6 22.Rxc8+
Rxc8 23.Nxb3 Be3+ 24.Kh1 Nxb3 25.Bxf6 Kf7 26.Bb2 Bd4 27.Bxd4 Nxd4 28.Ba6 Rc3
29.h4 Ra3 30.Bc8 Rc3 31.Ba6 Nb3 32.Kg1 Nc5 33.Ra1 Ke7 34.Kf2 Kd8 35.h5 gxh5
36.Bb5 a5 37.Rh1 a4 38.Rxh5 a3 39.Rxh7 a2 {#R} 0-1

[Event "It (open)"]
[Site "masterchessopen.com Apeldorn (Netherlands)"]
[Round "0"]
[White "Ernst Sipke (NED)"]
[Black "Jens Jelmer (NED)"]
[Result "1-0"]
[WhiteElo "2459"]
[BlackElo "2318"]

1.d4 Nf6 2.c4 g6 3.Nc3 d5 4.cxd5 Nxd5 5.e4 Nxc3 6.bxc3 Bg7 7.Bc4 c5 8.Ne2 O-O
9.Be3 Nc6 10.O-O Bg4 11.f3 Na5 12.Bd3 cxd4 13.cxd4 Be6 14.d5 Bxa1 15.Qxa1 f6
16.Bh6 Re8 17.Kh1 Rc8 18.Nf4 Bd7 19.e5 Nc4 20.e6 Ba4 21.Nxg6 hxg6 22.Bxg6 Ne5
23.Be4 Qa5 24.Qd4 Bc2 25.Bxc2 Rxc2 26.Qh4 Rc4 27.f4 Kh7 28.Qh5 Qb5 29.Bg5+ Kg8
30.fxe5 fxg5 31.Qxg5+ Kh8 32.h3 Rc3 33.Qh5+ Kg8 34.Qg6+ Kh8 35.Qh5+ Kg8 36.Rf4
{#r} 1-0

[Event "It (open)"]
[Site "masterchessopen.com Batumi (Georgia)"]
[Round "9"]
[White "Maisuradze Nino (FRA)"]
[Black "Sahakian Alla (ARM)"]
[Result "1-0"]
[WhiteElo "2190"]
[BlackElo "2070"]

1.d4 Nf6 2.c4 g6 3.Nc3 d5 4.cxd5 Nxd5 5.e4 Nxc3 6.bxc3 Bg7 7.Bc4 c5 8.Ne2 O-O
9.O-O cxd4 10.cxd4 Nc6 11.Be3 Bg4 12.f3 Na5 13.Bd3 Be6 14.Bf2 Bc4 15.Bxc4 Nxc4
16.Rc1 b5 17.Nc3 a6 18.a4 Qd7 19.e5 Bh6 20.Ra1 Rfc8 21.Ne4 Nb2 22.Qb3 Nxa4
23.d5 Qc7 24.d6 exd6 25.exd6 Qd8 26.d7 Rc6 27.Qd5 Re6 28.Rfd1 Nb6 29.Qb7 Rxe4
30.fxe4 {#r} 1-0

[Event "It (open)"]
[Site "masterchessopen.com Dortmund (Germany)"]
[Round "7"]
[White "Lehmann Holger (GER)"]
[Black "Konguvel Ponnuswamy (IND)"]
[Result "0-1"]
[WhiteElo "2188"]
[BlackElo "2404"]

1.d4 Nf6 2.c4 g6 3.Nc3 d5 4.cxd5 Nxd5 5.e4 Nxc3 6.bxc3 Bg7 7.Bc4 c5 8.Ne2 O-O
9.O-O Nc6 10.Be3 Bg4 11.f3 Na5 12.Bd3 cxd4 13.cxd4 Be6 14.Rc1 Bxa2 15.Qa4 Bb3
16.Qb4 b6 17.Ba6 Qd6 18.Bd2 Rfd8 19.Qxd6 exd6 20.d5 Ba4 21.Bxa5 bxa5 22.Rc7
Rd7 23.Rfc1 Rxc7 24.Rxc7 Bb3 25.Rb7 a4 26.Nc1 Bd4+ 27.Kf1 Bb6 28.Ke2 Rc8 {#R}
0-1

[Event "Tournament"]
[Site "masterchessopen.com Florida (Argentina)"]
[Round "5"]
[White "Gomez Ruben (ARG)"]
[Black "Escandell Juan C (ESP)"]
[Result "0-1"]
[WhiteElo "2080"]
[BlackElo "2273"]

1.d4 Nf6 2.c4 g6 3.Nc3 d5 4.cxd5 Nxd5 5.e4 Nxc3 6.bxc3 Bg7 7.Bc4 O-O 8.Ne2 c5
9.Be3 Nc6 10.O-O Bg4 11.f3 Na5 12.Bd3 cxd4 13.cxd4 Be6 14.Rc1 Bxa2 15.Qa4 Be6
16.d5 Bd7 17.Qb4 e6 18.f4 exd5 19.exd5 Re8 20.Bd2 b6 21.f5 Rc8 22.Rce1 Qc7
23.f6 Bf8 24.Qh4 Qc5+ 25.Kh1 Qxd5 26.Nf4 Qd4 27.Bxa5 bxa5 28.Rd1 Qb4 29.Bxg6
hxg6 30.Rxd7 Qc4 31.Qf2 Bc5 32.Qf3 Red8 33.Rdd1 Rxd1 34.Rxd1 a4 35.Qh3 Bf8
36.Nd5 Qxd5 {#R} 0-1

[Event "It (open)"]
[Site "masterchessopen.com Haarlem (Netherlands)"]
[Round "5"]
[White "Leeuwenburgh Evert (NED)"]
[Black "Van Alfen Rene (NED)"]
[Result "1-0"]
[WhiteElo "2077"]
[BlackElo "1822"]

1.d4 Nf6 2.c4 g6 3.Nc3 d5 4.cxd5 Nxd5 5.e4 Nxc3 6.bxc3 Bg7 7.Bc4 O-O 8.Ne2 c5
9.O-O Nc6 10.Be3 cxd4 11.cxd4 Bg4 12.f3 Na5 13.Bd3 Be6 14.d5 Bxa1 15.Qxa1 f6
16.Qb1 Bf7 17.Rc1 b6 18.Bh6 Nb7 19.Bxf8 Qxf8 20.Nd4 Nc5 21.Nc6 Kg7 22.Bc4 e6
23.Rd1 e5 24.f4 Qd6 25.fxe5 fxe5 26.Rf1 Nd7 27.Bb3 a6 28.Qd3 b5 29.Qe3 Re8
30.Kh1 Rf8 31.Rc1 Be8 32.h3 Rf4 33.Re1 Nf6 34.Qa7+ Kh6 35.Qxa6 Nxe4 36.Qxb5
Qf6 37.Kg1 Qh4 38.Qe2 Ng3 39.Qd2 Ne4 40.Rxe4 {#r} 1-0

[Event "Ch Hungary (team) 2000/01 (3 liga)"]
[Site "masterchessopen.com Hungary"]
[Round "9"]
[White "Mololkina Olga (RUS)"]
[Black "Horvath Miklosne (HUN)"]
[Result "0-1"]
[WhiteElo "2107"]
[BlackElo "2140"]

1.d4 Nf6 2.c4 g6 3.Nc3 d5 4.cxd5 Nxd5 5.e4 Nxc3 6.bxc3 Bg7 7.Be3 O-O 8.Bc4 c5
9.Ne2 cxd4 10.cxd4 Nc6 11.O-O Bg4 12.f3 Na5 13.Bd3 Be6 14.d5 Bxa1 15.Qxa1 f6
16.Rb1 b6 17.Bh6 Bf7 18.Bxf8 Kxf8 19.Nd4 Rc8 20.Rc1 Rc5 21.Bb5 Qd6 22.Bc6 Qf4
23.Rc3 Qd2 24.Nb5 a6 25.Rxc5 bxc5 26.Na7 c4 {#R} 0-1

[Event "Ch Poland (team) (juniors) (under 20) (2 div)"]
[Site "masterchessopen.com Krynica (Poland)"]
[Round "6"]
[White "Bloch Pawel (POL)"]
[Black "Szymanski Piotr (POL)"]
[Result "0-1"]
[WhiteElo "2069"]
[BlackElo "2110"]

1.d4 Nf6 2.c4 g6 3.Nc3 d5 4.cxd5 Nxd5 5.e4 Nxc3 6.bxc3 Bg7 7.Bc4 O-O 8.Be3 c5
9.Ne2 cxd4 10.cxd4 Nc6 11.O-O Na5 12.Bd3 Bg4 13.f3 Be6 14.Qa4 a6 15.Rac1 b5
16.Qb4 Bxa2 17.Rfd1 Bc4 18.d5 Bxd3 19.Rxd3 Nc4 20.Bc5 Qd7 {#R} 0-1

[Event "It \"]
[Site "masterchessopen.com Leimen (Germany)"]
[Round "6"]
[White "Haller Peter (GER)"]
[Black "Kessler Stefan (GER)"]
[Result "1-0"]
[WhiteElo "2026"]
[BlackElo "2084"]

1.d4 Nf6 2.c4 g6 3.Nc3 d5 4.cxd5 Nxd5 5.e4 Nxc3 6.bxc3 Bg7 7.Bc4 c5 8.Ne2 O-O
9.O-O cxd4 10.cxd4 Nc6 11.Be3 Bg4 12.f3 Na5 13.Bd3 Be6 14.d5 Bxa1 15.Qxa1 f6
16.Qd4 Bd7 17.f4 b5 18.e5 a6 19.e6 Bc8 20.Rf3 Bb7 21.Nc3 Rc8 22.f5 g5 23.Rh3
Nc4 24.Bxg5 Qb6 25.Qxb6 Nxb6 26.Bh6 Kh8 27.Bxf8 Rxf8 28.Be4 b4 29.d6 Bxe4
30.Nxe4 exd6 31.Nxf6 Nc8 32.Rxh7# 1-0

[Event "It \"]
[Site "masterchessopen.com Leimen (Germany)"]
[Round "2"]
[White "Hoffmann Michael (GER)"]
[Black "Kessler Stefan (GER)"]
[Result "1-0"]
[WhiteElo "2428"]
[BlackElo "2084"]

1.d4 Nf6 2.c4 g6 3.Nc3 d5 4.cxd5 Nxd5 5.e4 Nxc3 6.bxc3 Bg7 7.Bc4 O-O 8.Ne2 c5
9.Be3 Nc6 10.O-O Bg4 11.f3 Na5 12.Bd3 cxd4 13.cxd4 Be6 14.Rc1 Bxa2 15.Qa4 Be6
16.d5 Bd7 17.Qb4 b6 18.Ba6 Re8 19.Rfd1 Bc8 20.Bb5 Bd7 21.Nd4 Bxd4 22.Bxd4 Bxb5
23.Qxb5 Rc8 24.e5 Rf8 25.Be3 Qe8 26.Qb4 Qd7 27.d6 exd6 28.exd6 Rfd8 29.Rxc8
Rxc8 30.Bg5 Rc5 31.Bf6 Nc6 32.Qf4 Rf5 33.Qh4 Qe6 34.Ba1 Qe2 35.Re1 Rh5 {#r}
1-0

[Event "It (open)"]
[Site "masterchessopen.com Linares (Spain)"]
[Round "7"]
[White "Kobalia Mikhail (RUS)"]
[Black "Odeev Handszar (TKM)"]
[Result "1-0"]
[WhiteElo "2603"]
[BlackElo "2488"]

1.d4 Nf6 2.c4 g6 3.Nc3 d5 4.cxd5 Nxd5 5.e4 Nxc3 6.bxc3 Bg7 7.Bc4 c5 8.Ne2 Nc6
9.Be3 O-O 10.O-O Bg4 11.f3 Na5 12.Bd3 cxd4 13.cxd4 Be6 14.d5 Bxa1 15.Qxa1 f6
16.Bh6 Re8 17.Kh1 a6 18.Nf4 Bf7 19.e5 e6 20.dxe6 Bxe6 21.exf6 Bf7 22.Rd1 Qc7
23.Be4 Qe5 24.Qxe5 Rxe5 25.Rd7 Ree8 26.Nd5 Nc6 27.Ne3 Ne5 28.Rxb7 Rab8 29.Re7
Rxe7 30.fxe7 Nd7 31.Nd5 Rc8 32.h4 a5 33.Bf4 Kg7 34.Nc7 Nf6 35.Bb7 Rg8 36.Be5
h6 37.g4 g5 38.h5 a4 39.a3 Rh8 {#r} 1-0

[Event "Ch Russia (juniors) (under 18)"]
[Site "masterchessopen.com Rybinsk (Russia)"]
[Round "1"]
[White "Bedirov Timur (RUS)"]
[Black "Isaev Magomed (RUS)"]
[Result "1-0"]
[WhiteElo "2253"]
[BlackElo "2226"]

1.d4 Nf6 2.c4 g6 3.Nc3 d5 4.cxd5 Nxd5 5.e4 Nxc3 6.bxc3 Bg7 7.Bc4 c5 8.Ne2 O-O
9.O-O Nc6 10.Be3 cxd4 11.cxd4 Bg4 12.f3 Na5 13.Bd3 Be6 14.d5 Bxa1 15.Qxa1 f6
16.Rb1 Bf7 17.Bh6 Re8 18.Bb5 Qb6+ 19.Nd4 Red8 20.Be8 Qc5 21.Bxf7+ Kxf7 22.Rb5
Qa3 23.Ne6 Rdc8 24.e5 g5 25.Nxg5+ Kg6 26.Qb1+ f5 27.Nf7 Rc5 28.g4 Kxf7
29.Qxf5+ Ke8 30.Qf8+ Kd7 31.e6+ Kd6 {#r} 1-0

[Event "Ch Asia (juniors) (under 20)"]
[Site "masterchessopen.com Teheran (Iran)"]
[Round "11"]
[White "Nasri Amin (IRI)"]
[Black "Sheripov Eziz (TKM)"]
[Result "1-0"]
[WhiteElo "2261"]
[BlackElo "2180"]

1.d4 Nf6 2.c4 g6 3.Nc3 d5 4.cxd5 Nxd5 5.e4 Nxc3 6.bxc3 Bg7 7.Bc4 c5 8.Ne2 cxd4
9.cxd4 O-O 10.O-O Nc6 11.Be3 Bg4 12.f3 Na5 13.Bd3 Be6 14.d5 Bxa1 15.Qxa1 f6
16.Bh6 Re8 17.Rb1 Bd7 18.e5 e6 19.exf6 e5 20.Ng3 Rc8 21.f4 Qxf6 22.Ne4 Qh8
23.Bg5 h6 24.Bf6 Qh7 25.Bxe5 Rf8 26.Nf6+ Rxf6 27.Bxf6 Qf7 28.Qd4 b6 29.Re1 Rc5
30.Re7 Rxd5 31.Rxf7 Rxd4 32.Rg7+ {#r} 1-0

[Event "It (open)"]
[Site "masterchessopen.com Dresden (Germany)"]
[Date "2001.07.27"]
[Round "1"]
[White "Gustafsson Jan (GER)"]
[Black "Perlitz Sven (GER)"]
[Result "1-0"]
[WhiteElo "2526"]
[BlackElo "2206"]

1.d4 Nf6 2.c4 g6 3.Nc3 d5 4.cxd5 Nxd5 5.e4 Nxc3 6.bxc3 Bg7 7.Bc4 c5 8.Ne2 Nc6
9.Be3 O-O 10.O-O cxd4 11.cxd4 Bg4 12.f3 Na5 13.Bd3 Be6 14.d5 Bxa1 15.Qxa1 f6
16.Bh6 Re8 17.Kh1 Rc8 18.Nf4 Bd7 19.e5 Nc4 20.e6 Bb5 21.Qe1 Nd6 22.Bxg6 hxg6
23.Qg3 g5 24.Bxg5 Nf5 25.Qg4 Ne3 26.Qh5 Bd3 27.Ng6 Bxg6 28.Qxg6+ Kh8 29.Qh5+
Kg8 30.Bh6 Nf5 31.Qxf5 Kh8 32.Qh5 {#r} 1-0